| 000 | 00820nam a2200253 4500 | ||
|---|---|---|---|
| 003 | CBULib | ||
| 005 | 20241113102616.0 | ||
| 008 | 240910b |||||||| |||| 00| 0 eng d | ||
| 020 | _a9211043654 | ||
| 040 |
_aCBULib _bEnglish _cCBULib _erda |
||
| 041 | _aeng | ||
| 050 | _aUNO(02)1991/2 | ||
| 110 | _aUnited Nations (UNO) | ||
| 245 |
_aUniversity curriculum on transnational corporations : volume II international business _b/ by the United Nations (UNO) |
||
| 260 |
_aNew York : _bUnited Nations, _c1991 |
||
| 300 | _axii, 156 pages | ||
| 336 |
_2rdacontent _aText | _btxt |
||
| 337 |
_2rdamedia _aUnmediated | _bn |
||
| 338 |
_2rdacarrier _aVolume _bnc |
||
| 650 | _aINTERNATIONAL BUSINESS ENTERPRISES | ||
| 650 | _aINTERNATIONAL BUSINESS | ||
| 650 | _aUNIVERSITIES AND COLLEGES--CURRICULA | ||
| 942 |
_2mc _c029 |
||
| 999 |
_c85360 _d85360 |
||